00868nam a2200241 i 4500003000900000005001700009007000300026008004100029040003000070082001300100245013000113264004500243300002500288336002700313337003300340338002800373590002700401650003500428910000700463942001400470952012500484999001700609DO-SdBNP20251127082331.0ta240409s1995 xxu 001 0dspa d aDO-SdBNPbspacBNPHUerda 4bM53322214aMemorias del segundo seminario sobre género y vejez en la República Dominicana condición social de la población vieja aSanto Domingo :bApoyo aquelarre,,c1995 a74 páginasc22 cm. 2rdacontentatextobtxt 2rdamediaasin mediaciónbn 2rdacarrieravolumenbnc aInventariado, 2024/ DG 0aParticipación social 977777 aDG 2ddccLBS1 00102ddc51708PDaBNPHUbBNPHUcCTd2024-04-09edonaciónl0oBNPHU PD M533p2024-1952r2024-04-09w2024-04-09yLBS1 c56307d56307